駅名に旧国名が2つ含まれる駅 - Statistics

General Stats
  • This quiz has been taken 62 times
  • The average score is 2 of 7
Answer Stats
駅名 含まれる旧国名 % Correct
武蔵大和 武蔵、大和
55%
伊賀上野 伊賀、上野
47%
甲斐大和 甲斐、大和
45%
伊勢上野 伊勢、上野
34%
甲斐上野 甲斐、上野
28%
三河内 三河、河内
13%
薩摩今和泉 薩摩、和泉
11%
No matching quizzes found
Score Distribution
Percent of People with Each Score
Percentile by Number Answered
Your Score History
You have not taken this quiz